[Event "Mexican op 69th"]
[Site "Mexico City"]
[Date "2024.03.27"]
[Round "2"]
[White "Ruiz Perez, Juan Octavio"]
[Black "Miranda Mesa, Elier"]
[Result "0-1"]
[WhiteElo "2098"]
[BlackElo "2472"]
[PlyCount "214"]
[EventDate "2024.03.26"]
[EventType "swiss"]
[EventRounds "9"]
[EventCountry "MEX"]
[SourceTitle "CB14_2024"]
[SourceDate "2024.04.01"]
[SourceVersion "1"]
[SourceVersionDate "2024.04.01"]
[SourceQuality "1"]

1. d4 d5 2. c4 dxc4 3. Nf3 Bg4 4. e3 e6 5. Bxc4 a6 6. 0-0 Nf6 7. h3 Bh5 8. b3 Nc6 9. Bb2 Bd6 10. Be2 0-0 11. Nbd2 Re8 12. Nc4 Nb4 13. a3 Nbd5 14. Nxd6 cxd6 15. Nd2 Bg6 16. Bf3 Rc8 17. Rc1 Qd7 18. Qe2 b5 19. g3 Ne7 20. e4 Rxc1 21. Rxc1 Rc8 22. Qe1 d5 23. e5 Ne8 24. Nf1 f6 25. exf6 Nxf6 26. Rxc8+ Qxc8 27. Qc3 Qd7 28. Ne3 Nf5 29. Ng4 Nxg4 30. hxg4 Nd6 31. Bc1 h6 32. Bf4 Nf7 33. Qc5 Bd3 34. Qc3 Be4 35. Be2 Kh7 36. f3 Bg6 37. Qc5 Nd8 38. Kf2 Nc6 39. Qb6 Bc2 40. b4 Qc8 41. Qc5 Bg6 42. Bd6 Qd7 43. Bf4 Nd8 44. Qc7 Qxc7 45. Bxc7 Nc6 46. Ke3 Kg8 47. Be5 Kf7 48. Bf1 Bc2 49. Be2 Ne7 50. Bd6 Nc6 51. Be5 Bb3 52. Bd6 Bc4 53. Bd1 Kf6 54. f4 Kf7 55. Bc2 Bf1 56. Bc7 Bh3 57. Bd1 Bg2 58. Be2 Be4 59. Bd6 Bc2 60. Be5 Bb3 61. Bd6 Nd8 62. Bc7 Nc6 63. Bf3 Ne7 64. Bd6 Ng8 65. Be5 Bc4 66. Bd1 Ne7 67. Bd6 Nc6 68. Bc7 g6 69. Bc2 Bf1 70. Bd6 a5 71. Bc5 Bc4 72. Bd1 g5 73. Bc2 axb4 74. axb4 Nb8 75. Kd2 Nd7 76. Ke3 Nf6 77. Kf3 Bf1 78. Bd6 Bh3 79. Bd3 Bxg4+ 80. Ke3 Ne4 81. Be5 Nc3 82. Kd2 Ne4+ 83. Kc2 Bf5 84. Bxe4 dxe4 85. Kd2 g4 86. Bc7 Ke7 87. Ke3 Kd7 88. Bb6 Kc6 89. Bc5 Kd5 90. Be7 Kc4 91. Bd6 h5 92. Be7 Kc3 93. Ke2 h4 94. gxh4 g3 95. h5 Bg4+ 96. Kf1 e3 97. Bh4 Kd2 98. Bxg3 e2+ 99. Kg2 Bxh5 100. Kh3 e1Q 101. Bxe1+ Kxe1 102. Kh4 Be2 103. Kg5 Kd2 104. f5 exf5 105. Kxf5 Kc3 106. d5 Bf1 107. Kg4 Bc4 0-1

[Event "Carlos Torre Memorial op 33rd"]
[Site "Merida"]
[Date "2023.12.18"]
[Round "7"]
[White "Gongora Montes, Benjamin"]
[Black "Ruiz Perez, Juan Octavio"]
[Result "1/2-1/2"]
[WhiteElo "2167"]
[BlackElo "2089"]
[PlyCount "104"]
[EventDate "2023.12.15"]
[EventType "swiss"]
[EventRounds "9"]
[EventCountry "MEX"]
[SourceTitle "CB52_2023"]
[SourceDate "2023.12.27"]
[SourceVersion "1"]
[SourceVersionDate "2023.12.27"]
[SourceQuality "1"]

1. e4 c5 2. Nf3 d6 3. Nc3 a6 4. a4 Nf6 5. e5 dxe5 6. Nxe5 Qc7 7. d4 cxd4 8. Qxd4 e6 9. Be3 Nc6 10. Nxc6 bxc6 11. Bf4 Qd7 12. Qe5 Bb4 13. Rd1 Qa7 14. Bd3 0-0 15. 0-0 Qc5 16. Ne4 Qxe5 17. Bxe5 Nd7 18. Bd6 Bxd6 19. Nxd6 Nc5 20. a5 Rb8 21. b3 Rd8 22. Be2 Kf8 23. Rd2 Ke7 24. Rfd1 Bd7 25. Bf3 e5 26. Ne4 Ne6 27. Be2 Nd4 28. Bxa6 Ra8 29. Nc5 Bg4 30. Re1 Nf3+ 31. gxf3 Rxd2 32. fxg4 Rxc2 33. Bb7 Ra7 34. b4 Rxc5 35. bxc5 Rxb7 36. a6 Ra7 37. Rxe5+ Kd8 38. Rh5 h6 39. g5 hxg5 40. Rxg5 g6 41. Kg2 Rxa6 42. Kg3 Kd7 43. h4 Ke6 44. h5 gxh5 45. Rxh5 Ra4 46. f4 Rc4 47. Kg4 Rc1 48. Re5+ Kf6 49. Rf5+ Kg7 50. Re5 Kf6 51. Rf5+ Ke6 52. Re5+ Kf6 1/2-1/2

[Event "Iberoamerican-ch 8th"]
[Site "Mexico City"]
[Date "2022.02.13"]
[Round "2"]
[White "Ruiz Perez, Juan Octavio"]
[Black "Valdes Romero, Leonardo"]
[Result "1/2-1/2"]
[WhiteElo "2074"]
[BlackElo "2404"]
[PlyCount "115"]
[EventDate "2022.02.12"]
[EventType "swiss"]
[EventRounds "9"]
[EventCountry "MEX"]
[SourceTitle "CBM 206 Extra"]
[Source "ChessBase"]
[SourceDate "2022.03.31"]
[SourceVersion "1"]
[SourceVersionDate "2022.03.31"]
[SourceQuality "1"]

1. e4 c5 2. Nf3 Nc6 3. d4 cxd4 4. Nxd4 g6 5. Nc3 Bg7 6. Be3 Nf6 7. Bc4 0-0 8. Bb3 d6 9. f3 Bd7 10. Qd2 Na5 11. g4 Nxb3 12. axb3 Qb8 13. h4 b5 14. h5 b4 15. Nd5 Nxd5 16. exd5 Qb7 17. Bh6 Be5 18. 0-0-0 Qxd5 19. Bxf8 Rxf8 20. Kb1 Qc5 21. Ne2 Rc8 22. hxg6 fxg6 23. Qd5+ Qxd5 24. Rxd5 Rf8 25. Ra5 a6 26. Rd1 Bc6 27. Nd4 Bxf3 28. Nxf3 Rxf3 29. Rg1 g5 30. Rxa6 Rf4 31. Rc6 Kf7 32. Rc4 d5 33. Rc6 Bf6 34. c3 Kg6 35. cxb4 Rxb4 36. Kc2 h5 37. gxh5+ Kxh5 38. Rc5 e6 39. Re1 Rb6 40. Rf1 Kg6 41. Rc8 Bg7 42. Rc7 g4 43. Rg1 Be5 44. Rc8 g3 45. Rg8+ Kf7 46. Rg5 Kf6 47. Rg8 d4 48. Rf1+ Ke7 49. Re1 Rb5 50. Rg5 Kf6 51. Rh5 g2 52. Rg1 d3+ 53. Kxd3 Rxb3+ 54. Ke4 Rb4+ 55. Kf3 Rb3+ 56. Ke4 Rb4+ 57. Kf3 Rb3+ 58. Ke4 1/2-1/2

[Event "MEX-ch U26"]
[Site "Merida"]
[Date "2019.05.16"]
[Round "5"]
[White "Montes Cervantes, Rodrigo"]
[Black "Ruiz Perez, Juan Octavio"]
[Result "1/2-1/2"]
[WhiteElo "2063"]
[BlackElo "1997"]
[PlyCount "136"]
[EventDate "2019.05.12"]
[EventType "swiss"]
[EventRounds "6"]
[EventCountry "MEX"]
[SourceTitle "EXT 2020"]
[Source "ChessBase"]
[SourceDate "2019.10.17"]
[SourceVersion "1"]
[SourceVersionDate "2019.10.17"]
[SourceQuality "1"]

1. e4 c5 2. Nf3 d6 3. d4 cxd4 4. Nxd4 Nf6 5. Nc3 a6 6. Bg5 Nbd7 7. Qe2 e6 8. f4 Qc7 9. 0-0-0 Be7 10. g4 b5 11. Bxf6 Nxf6 12. g5 Nd7 13. f5 Ne5 14. fxe6 fxe6 15. h4 Ng6 16. Qg4 b4 17. Nce2 0-0 18. Bh3 e5 19. Nf5 Qc4 20. Qg2 Bxf5 21. Bxf5 Rfd8 22. Kb1 Nf8 23. h5 Ra7 24. Rd2 Rc7 25. b3 Qc5 26. Nc1 a5 27. Rd5 Qb6 28. Rf1 Rc3 29. Qg4 Qe3 30. Be6+ Kh8 31. g6 Qg5 32. gxh7 Qxg4 33. Bxg4 Rc5 34. Rfd1 Nxh7 35. Bf5 Nf6 36. Rxc5 dxc5 37. Nd3 Rd4 38. Re1 Bd6 39. Bg6 c4 40. bxc4 Rxc4 41. Nf2 Rd4 42. Nh3 Kg8 43. Ng5 Rd2 44. Kc1 Rg2 45. Nf3 Kf8 46. Re3 Bc5 47. Rd3 Ke7 48. Nxe5 Bd6 49. Nc4 Bc7 50. e5 Nd7 51. Rd5 Rg5 52. Nxa5 Bxe5 53. Kd1 Rg1+ 54. Ke2 Bc3 55. Nc4 Re1+ 56. Kf2 Nf6 57. Rb5 Ne4+ 58. Bxe4 Rxe4 59. Nb6 Rd4 60. Nc8+ Kf7 61. Nb6 Rd2+ 62. Kf3 Rh2 63. Ke4 Rh4+ 64. Kd3 Rd4+ 65. Ke2 Rd2+ 66. Kf3 Rh2 67. Ke4 Rh4+ 68. Kf3 Rh3+ 1/2-1/2